MDQL
is popping MORE tags! Check the
thread
!
Quizzes
Events
Quiz Creation
Community
Videos
Private Events
Remove Ads
Sign In
Join for FREE
Feedback
Dark Mode
Quiz Categories
Sports
Geography
Music
Movies
Television
Just For Fun
Miscellaneous
History
Literature
Language
Science
Gaming
Entertainment
Religion
Holiday
For Kids
Quiz Lab
Recent
Popular Today
Quiz Kudos Today
Editor Picks
Curator Picks
Quizzes by...
Day
Popularity
Type
Ratings
Length
Year
Community
Subscriptions
Recent Discussions
Orange Saloon
Badges
Playlists
Quests
Create
Leaderboards
Showdown
Live 5
Trivia Bingo
Activity
Puzzle Library
Sporcle Events
Private Events
Virtual Trivia
Globe League
Become a Host
Pub Owners
SporcleCon
Opinionation
Our Games
Videos
Blog
Mobile Apps
Partnerships
Remove Ads and Go Orange
Feedback
Gaming
Video Games
Board Games
Card Games
Pokémon
Mario
Nintendo
Minecraft
Console
Toys
Legend of Zelda
Gaming
Video Games
Board Games
Card Games
Pokémon
Mario
Nintendo
Minecraft
Console
Toys
Legend of Zelda
Random Quiz
Search Sporcle
×
Quiz Lab
Quiz Lab
Gaming
Undertale
Type in answers that appear in a list
Type in answers that appear in a list
Classic
Best Score? Go Orange.
Undertale groundbreaking-bound to fall Stats
Can you name the undertale groundbreaking-bound to fall lyrics?
By
randomname25
5m
145 Questions
140 Plays
140 Plays
140 Plays
Comments
Comments
Give Quiz Kudos
Give Quiz Kudos
-
- Ratings
hide this ad
Replay
Link that replays current quiz
Next Quiz
Link to next quiz in quiz playlist
You Got
0%
They Got
Avg Score
38%
Avg Friend Score
Upgrade to see
Score Distribution
Jump to the score distribution portion of the page
Score
0/145
Timer
05:00
0
Plays Today
Answer
% Correct
and
83.6%
the
83.6%
a
83.6%
and
83.6%
the
83.6%
a
83.6%
and
83.6%
a
83.6%
the
83.6%
a
83.6%
and
83.6%
a
83.6%
a
83.6%
and
83.6%
you
67.1%
you
67.1%
you
67.1%
you
67.1%
you
67.1%
you
67.1%
to
65.7%
to
65.7%
to
65.7%
to
65.7%
to
65.7%
to
65.7%
to
65.7%
to
65.7%
to
65.7%
to
65.7%
to
65.7%
to
65.7%
to
65.7%
fall
53.6%
fall
53.6%
fall
53.6%
fall
53.6%
me
50.7%
me
50.7%
me
50.7%
we
48.6%
it
48.6%
is
47.9%
is,
47.9%
is
47.9%
bound
41.4%
bound
41.4%
bound
41.4%
bound
41.4%
Answer
% Correct
your
40.7%
do?
40%
if
37.1%
go
36.4%
go
36.4%
go
36.4%
why
35.7%
you're
35.7%
you're
35.7%
why
35.7%
you're
35.7%
you're
35.7%
why
35.7%
you're
35.7%
you're
35.7%
you're
35.7%
you're
35.7%
you're
35.7%
so
33.6%
so
33.6%
what
33.6%
it's
33.6%
so
33.6%
so
33.6%
who
32.9%
who
32.9%
that
30.7%
all
30.7%
all
30.7%
all
30.7%
down
29.3%
or
29.3%
will
27.9%
at
27.1%
could
27.1%
up
27.1%
there
27.1%
i
25%
just
25%
just
25%
just
25%
just
25%
just
25%
need
23.6%
know
22.9%
here
21.4%
here
21.4%
leave
20.7%
tell
20.7%
Answer
% Correct
leave?
20.7%
tell
20.7%
leave?
20.7%
tell
20.7%
leave?
20.7%
try
20%
only
20%
determination
20%
determination
20%
determination
20%
yourself
19.3%
home
19.3%
kid
19.3%
kid
19.3%
kid
19.3%
kid
19.3%
kid
19.3%
lost
18.6%
fallen
18.6%
make
18.6%
far
18.6%
make
18.6%
far
18.6%
tried
17.9%
far
17.9%
take
17.9%
everything
17.1%
countless
17.1%
others
17.1%
seems
17.1%
strong
17.1%
fight
17.1%
spare
17.1%
seems
17.1%
strong
17.1%
seems
17.1%
strong
17.1%
right
16.4%
choose
16.4%
choices
15.7%
decide
15.7%
well
15%
let's
13.6%
let's
13.6%
journey
11.4%
unknown
10.7%
Conquers
9.3%
Quiz Playlist
Details
Report
Send in Message
Add To Playlist
Classic:
Type in answers that appear in a list
Last Updated: Jan 17, 2018
Quiz Scoreboard
CHALLENGE
Sign Up to Join the Scoreboard
Show All
Scores
Hide
Comments
May contain spoilers
Recently Published
Street Fighter Characters
by Artimus82
Gaming
60s
9x9 Crossword: Cartoon Network
by jackfrog10
Miscellaneous
3m
College Basketball Coaching Resumes
by pancakes188
Sports
9m
More to Explore
Quiz From the Vault
Featured Blog Post
Where Did the Easter Bunny Come From?
hide this ad
You Might Also Like...
Tags
fall
Figure Out the Lyrics
Undertale
Today's Top Quizzes in Gaming
Browse Gaming
hide this ad
Top Contributed Quizzes in Gaming
1
5-to-1: Consoles
2
7-to-1: Board Game Piece Blitz
3
5-to-1: Legend of Zelda
4
League of Legends Pro Players by Career/Team History
5
Destiny 2 exotic weapons by perk icons
6
Ultimate Genshin Impact Logic Puzzle (up to 4.3)
7
Franchise by Action Figure
8
Who's on the WWE 2K24 Cover?
9
Genshin Impact Logic Puzzle Quiz
10
Order the Pokémon Regions
Explore More
Trending Topics
Harry Potter
Crossword
Kpop
Marvel
NBA
Anime
Disney
The Office
Song
NFL
WWE
Puzzle
Soccer
Country
Pokémon
hide this ad
More By:
randomname25
Quiz
Plays
Rating
Category
Featured
Created
''Mad Hatter'' Melanie Martinez
2,634
4.80
Music
Apr 25, 2018
''I Got No Time'' (Fnaf) Living Tombstone
2,464
4.50
Gaming
Jan 11, 2017
Name all the Godzilla Kaiju (hard)(colored)
1,823
5.00
Movies
May 10, 2017
''I'm Still Standing'' Elton John
1,747
4.60
Music
Mar 22, 2018
Undertale-'Stronger Than You Sans'
1,575
4.50
Gaming
Jan 12, 2017
Go to Creator's Profile
Score Distribution
Quiz Creator Spotlight
randomname25
Follow
Send a Message
Quizzes Created
-
Created Quiz Play Count
-
More By This Creator
Popular Quizzes Today
1
Find the US States - No Outlines Minefield
2
Find the Countries of Europe - No Outlines Minefield
3
The Countries of the World
4
Find the US States
5
Risky Map Clicking: Biggest States A-Z
6
US States
7
Popular People in 1961
8
Movies - When Are They Set?
More Gaming Quizzes
Crash Bandicoot Warped: 2nd Chamber Levels
Quiz Lab
Trending Quizzes
Risky Map Clicking: Least Populous States A-Z
Countries of the World: 200 Million BC
1-10 Letter G Words
Risky Map Clicking: Next State Alphabetically
Adjectives in 80s TV Shows
Recently Updated
Leaping Animals
pecheneg
Reality TV Shows (A-Z)
bhenderson79
Rickey Henderson's Hall of Fame Teammates
pecheneg
Champions League XIs: Arsenal
pecheneg
Quick Pick: Celebrities in WWE's Hall of Fame
aduchscher
A-Z Keypad Blitz II
pecheneg
Multiple Oscar Actors
pecheneg
Mystery Phrase Blitz: Oscar 'Best Actors'
pecheneg
F. Scott Fitzgerald Novels
LTH
Pick 3 Villains
ddd62291
Trending Topics
Crossword
Marvel
NBA
Harry Potter
Anime
Disney
Kpop
Puzzle
NFL
Country
Song
Soccer
The Office
WWE
Pokémon
Your Account Isn't Verified!
In order to create a playlist on Sporcle, you need to verify the email address you used during registration. Go to your
Sporcle Settings
to finish the process.
Report this User
Report this user for behavior that violates our
Community Guidelines
.
Details:
Send Report
Go to the Sporcle.com Mobile Site →
Comments